00632nam a2200181 a 450000100100000000500170001000800410002704000250006811100710009324500430016426000350020730000200024250400290026270000280029104900090031995201050032899900170043300003493920200930074011.0111021s1987 dr 000 0 spa d aDO-SdBNPbspacBNPHU1 aCongreso de pediatrian(5: 18-23 de octubrecCaracasd1987)96051413aEl niño y la paz /cEmil Kassa Acta. aVenezuela :b[s n.],c[1987?]. a36 p. ;c23 cm. aBibliografía :p. 35-3612aKassa Acta, Emil960515 aBNPD 0010718PDaGRbGRcHDd2011-10-21iLF1l0o p34939-10r2020-06-25w2020-06-25yLFPDZNo se presta c34430d34430